Théorie scientifique des couleurs (Record no. 163953)
[ view plain ]
| 000 -LEADER | |
|---|---|
| campo de control de longitud fija | 01063nam a22002295i 4500 |
| 001 - NÚMERO DE CONTROL | |
| campo de control | 163953 |
| 003 - IDENTIFICADOR DE NÚMERO DE CONTROL | |
| campo de control | ES-MaACL |
| 005 - FECHA Y HORA DE LA ÚLTIMA TRANSACCIÓN | |
| campo de control | 20230906212838.0 |
| 008 - DATOS DE LONGITUD FIJA--INFORMACIÓN GENERAL | |
| campo de control de longitud fija | 000126s1881 fr a |||| | fre d |
| 040 ## - FUENTE DE CATALOGACIÓN | |
| Centro catalogador/agencia de origen | M-RACE |
| Lengua de catalogación | spa |
| Centro/agencia transcriptor | M-RACE |
| Centro/agencia modificador | CCPB | B |
| 080 ## - NÚMERO DE LA CLASIFICACIÓN DECIMAL UNIVERSAL | |
| Número de la Clasificación Decimal Universal | 535.6 |
| 100 1# - ENTRADA PRINCIPAL--NOMBRE DE PERSONA | |
| Nombre de persona | Rood, Ogden Nicholas. |
| 9 (RLIN) | 132052 |
| 245 10 - MENCIÓN DEL TÍTULO | |
| Título | Théorie scientifique des couleurs |
| Resto del título | : et leurs applications a l'art et a l'industrie / |
| Mención de responsabilidad, etc. | par O.N. Rood. |
| 260 ## - PUBLICACIÓN, DISTRIBUCIÓN, ETC. | |
| Lugar de publicación, distribución, etc. | Paris : |
| Nombre del editor, distribuidor, etc. | Librairie Germer Baillière et C\ie., |
| Fecha de publicación, distribución, etc. | 1881. |
| 300 ## - DESCRIPCIÓN FÍSICA | |
| Extensión | VIII, 279 p., [1] h. de grab. col. : |
| Otras características físicas | il. ; |
| Dimensiones | 22 cm. |
| 490 1# - MENCIÓN DE SERIE | |
| Mención de serie | Bibliothèque scientifique internationale ; |
| Designación de volumen o secuencia | 38 |
| 599 #1 - NOTA A LAS ILUSTRACIONES | |
| NOTA A LAS ILUSTRACIONES | Avec 130 figures dans le texte et une planche en couleurs. |
| 650 #4 - PUNTO DE ACCESO ADICIONAL DE MATERIA--TÉRMINO DE MATERIA | |
| Término de materia o nombre geográfico como elemento de entrada | Color. |
| 9 (RLIN) | 11153 |
| 830 0# - PUNTO DE ACCESO ADICIONAL DE SERIE-TÍTULO UNIFORME | |
| Título uniforme | Bibliothèque scientifique internationale ; |
| Designación de volumen o secuencia | 38 |
| 9 (RLIN) | 186949 |
| 852 ## - LOCALIZACIÓN | |
| Ubicación | ES-MaACL |
| Número de control de estantería | F-14368 |
| Nota libre | -- Enc. editorial en tela |
| -- | -- Enc. con 32 p. del catalogo de la Librairie Germer Baillières et cie de noviembre de 1880 |
| Encuadernación | -- Edic.: En colofón consta el imp.: Coulommiers : Typ. Paul Brodard |
| Estatus retirado | Estado de pérdida | Estado de daño | No para préstamo | Colección | Biblioteca de origen | Biblioteca actual | Ubicación en estantería | Fecha de adquisición | Fuente de adquisición | Total de préstamos | Signatura topográfica completa | Código de barras | Visto por última vez | Precio de reemplazo | Tipo de ítem Koha |
|---|---|---|---|---|---|---|---|---|---|---|---|---|---|---|---|
| Libros del s. XIX | Biblioteca del Ateneo de Madrid | Biblioteca del Ateneo de Madrid | Sala Pecera Planta 2 | 17/01/2008 | F-14368 | 1171834 | 23/02/2023 | 23/02/2023 | Libro impreso antiguo |
